[Event "Titled Tuesday intern op 29th Aug Late"]
[Site "Chess.com INT"]
[Date "2023.08.29"]
[Round "4"]
[White "Moskalenko, Alexander"]
[Black "Toncheva, Nadya"]
[Result "1-0"]
[WhiteElo "2443"]
[BlackElo "2253"]
[PlyCount "65"]
[EventDate "2023.08.29"]
[EventType "swiss (blitz)"]
[EventRounds "11"]
[EventCountry "USA"]
[SourceTitle "EXT 2024"]
[Source "ChessBase"]
[SourceDate "2023.10.10"]
[SourceVersion "1"]
[SourceVersionDate "2023.10.10"]
[SourceQuality "1"]

1. d4 d5 2. Bg5 f6 3. Bc1 c5 4. c4 dxc4 5. d5 e6 6. e4 exd5 7. exd5 Bd6 8. Bxc4 Ne7 9. Nc3 a6 10. a4 Bf5 11. Nge2 0-0 12. 0-0 Nd7 13. Nf4 Ne5 14. Ba2 Kh8 15. Ne6 Bxe6 16. dxe6 Qc7 17. Ne4 Rad8 18. Nxd6 Rxd6 19. Qh5 c4 20. f4 Nd3 21. Qe2 Qb6+ 22. Be3 Rxe6 23. Bxb6 Rxe2 24. Bxc4 Rxb2 25. a5 Nb4 26. Rad1 Nec6 27. Rd7 Re8 28. Rxb7 h6 29. Rc7 Rc2 30. Bb3 Rb2 31. Bf7 Ree2 32. Bf2 Nd4 33. Bg6 1-0

[Event "Titled Tuesday intern op 15th Aug Late"]
[Site "Chess.com INT"]
[Date "2023.08.15"]
[Round "9"]
[White "Moskalenko, Alexander"]
[Black "Bluebaum, Matthias"]
[Result "1/2-1/2"]
[WhiteElo "2443"]
[BlackElo "2670"]
[PlyCount "186"]
[EventDate "2023.08.15"]
[EventType "swiss (blitz)"]
[EventRounds "11"]
[EventCountry "USA"]
[SourceTitle "EXT 2024"]
[Source "ChessBase"]
[SourceDate "2023.10.10"]
[SourceVersion "1"]
[SourceVersionDate "2023.10.10"]
[SourceQuality "1"]

1. c4 e6 2. Nf3 d5 3. g3 Nf6 4. Bg2 Nc6 5. 0-0 Bd6 6. d4 0-0 7. b3 dxc4 8. bxc4 e5 9. e3 Bg4 10. h3 Bh5 11. g4 Bg6 12. Nc3 Ne4 13. Bb2 Re8 14. c5 Bf8 15. Nxe4 Bxe4 16. Nxe5 Bxg2 17. Kxg2 Nxe5 18. dxe5 Bxc5 19. Qxd8 Raxd8 20. Rac1 b6 21. Bd4 Bxd4 22. exd4 Rxd4 23. Rxc7 Ra4 24. Rd1 g5 25. Rd5 Re6 26. Rdd7 Rf4 27. Rxa7 Rxe5 28. Rd2 Kg7 29. Rb7 Re6 30. Rb2 Ref6 31. Rb8 h6 32. R8xb6 Rxf2+ 33. Rxf2 Rxb6 34. a4 Ra6 35. Ra2 Kf6 36. a5 Ke5 37. Rf2 Ke4 38. Rf5 f6 39. Rb5 Rc6 40. Rb4+ Ke3 41. Ra4 Ra6 42. Kg3 Kd3 43. Kf3 Kc3 44. Ke4 Kb3 45. Ra1 Kb2 46. Rf1 Kc3 47. Kf5 Rxa5+ 48. Kxf6 Kd4 49. Kg7 Ra3 50. Kxh6 Rxh3+ 51. Kxg5 Rh8 52. Rf7 Ke5 53. Re7+ Kd6 54. Re1 Rg8+ 55. Kf5 Rf8+ 56. Kg5 Rg8+ 57. Kh4 Rh8+ 58. Kg3 Rg8 59. Re4 Kd5 60. Re3 Kd6 61. Re2 Kd5 62. Re1 Kd6 63. Re4 Kd5 64. Re7 Kd6 65. Rf7 Ke6 66. Rf4 Ke5 67. Rf5+ Ke6 68. Rf1 Ke5 69. Rf7 Ke6 70. Ra7 Kf6 71. Kf4 Rb8 72. Ra6+ Kg7 73. Kg5 Rb5+ 74. Kh4 Rc5 75. g5 Kg8 76. Kh5 Rc8 77. Kg6 Rb8 78. Re6 Rc8 79. Kf6 Rf8+ 80. Kg6 Ra8 81. Kh6 Rb8 82. g6 Ra8 83. g7 Rb8 84. Rf6 Rc8 85. Rd6 Rb8 86. Kg6 Rb6 87. Rf6 Rb8 88. Kh6 Ra8 89. Re6 Rb8 90. Kg6 Rb6 91. Rf6 Rb8 92. Rf8+ Rxf8 93. gxf8Q+ Kxf8 1/2-1/2

[Event "Titled Tuesday intern op 18th Jul Late"]
[Site "Chess.com INT"]
[Date "2023.07.18"]
[Round "7"]
[White "Makarian, Rudik"]
[Black "Moskalenko, Alexander"]
[Result "1-0"]
[WhiteElo "2541"]
[BlackElo "2443"]
[PlyCount "43"]
[EventDate "2023.07.18"]
[EventType "swiss (blitz)"]
[EventRounds "11"]
[EventCountry "USA"]
[SourceTitle "EXT 2024"]
[Source "ChessBase"]
[SourceDate "2023.10.10"]
[SourceVersion "1"]
[SourceVersionDate "2023.10.10"]
[SourceQuality "1"]

1. c4 e6 2. Nf3 Nf6 3. g3 d5 4. Bg2 dxc4 5. Qa4+ Nbd7 6. Qxc4 a6 7. Qc2 c5 8. 0-0 Rb8 9. d4 b5 10. Bf4 Rb6 11. Rd1 Bb7 12. a4 Be4 13. Qc1 cxd4 14. Bc7 Qa8 15. Bxb6 Nxb6 16. axb5 a5 17. Rxd4 Be7 18. Rxe4 Qxe4 19. Nc3 Qc4 20. Ne5 Qc5 21. Bc6+ Kf8 22. Nd3 1-0

[Event "Titled Tuesday intern op 18th Jul Late"]
[Site "Chess.com INT"]
[Date "2023.07.18"]
[Round "4"]
[White "Moskalenko, Alexander"]
[Black "Nihal, Sarin"]
[Result "1/2-1/2"]
[WhiteElo "2443"]
[BlackElo "2688"]
[PlyCount "117"]
[EventDate "2023.07.18"]
[EventType "swiss (blitz)"]
[EventRounds "11"]
[EventCountry "USA"]
[SourceTitle "EXT 2024"]
[Source "ChessBase"]
[SourceDate "2023.10.10"]
[SourceVersion "1"]
[SourceVersionDate "2023.10.10"]
[SourceQuality "1"]

1. c4 a6 2. Nc3 e6 3. d4 d5 4. cxd5 exd5 5. Bf4 c6 6. e3 Bd6 7. Bd3 Bxf4 8. exf4 Nf6 9. Nf3 Bg4 10. 0-0 0-0 11. h3 Bxf3 12. Qxf3 Qb6 13. Rfd1 Nbd7 14. b3 Rfe8 15. g4 Qb4 16. g5 g6 17. Ne2 Ne4 18. f5 Nxg5 19. Qg4 Qe7 20. fxg6 fxg6 21. Ng3 Ne6 22. Re1 Nf6 23. Qh4 Kf7 24. Re5 Qb4 25. Rd1 Nxd4 26. Bxg6+ hxg6 27. Rxd4 Qc3 28. Rg5 Rh8 29. Qf4 Rae8 30. Kg2 Re6 31. Qc7+ Re7 32. Qf4 Qc5 33. h4 Re6 34. h5 gxh5 35. Nxh5 Qd6 36. Qf5 Rg8 37. Rxg8 Kxg8 38. Qg5+ Kf8 39. Rf4 Ke7 40. Qg7+ Kd8 41. Rxf6 Rxf6 42. Nxf6 Qe6 43. Ng4 c5 44. Ne3 d4 45. Nc4 b5 46. Ne5 Qd5+ 47. Nf3 d3 48. Qf6+ Kd7 49. Qf4 c4 50. bxc4 bxc4 51. Kg3 Kc6 52. Ne5+ Kc5 53. Qe3+ Qd4 54. Nd7+ Kd5 55. Nb6+ Kc5 56. Na4+ Kd5 57. Nb6+ Kc5 58. Nd7+ Kd5 59. Nb6+ 1/2-1/2

[Event "Titled Tuesday intern op 18th Jul Late"]
[Site "Chess.com INT"]
[Date "2023.07.18"]
[Round "6"]
[White "Moskalenko, Alexander"]
[Black "Vetoshko, Volodymyr"]
[Result "1-0"]
[WhiteElo "2443"]
[BlackElo "2502"]
[PlyCount "101"]
[EventDate "2023.07.18"]
[EventType "swiss (blitz)"]
[EventRounds "11"]
[EventCountry "USA"]
[SourceTitle "EXT 2024"]
[Source "ChessBase"]
[SourceDate "2023.10.10"]
[SourceVersion "1"]
[SourceVersionDate "2023.10.10"]
[SourceQuality "1"]

1. c3 b6 2. d4 Bb7 3. Nf3 g6 4. g3 Bg7 5. Bg2 Nf6 6. 0-0 0-0 7. a4 a6 8. Bf4 d6 9. Qc1 Re8 10. Bh6 Bh8 11. Rd1 Nbd7 12. Nbd2 Ra7 13. Bg5 Qa8 14. Ne1 c5 15. Qc2 Rc8 16. Bxb7 Rxb7 17. Qb3 cxd4 18. cxd4 Rbc7 19. Bxf6 Bxf6 20. e3 h5 21. h4 Kg7 22. Qd3 Qb7 23. Qe4 d5 24. Qd3 e5 25. dxe5 Nxe5 26. Qb3 Nc4 27. Rab1 d4 28. exd4 Bxd4 29. Nef3 Nxd2 30. Rxd2 Rc1+ 31. Rxc1 Rxc1+ 32. Kg2 Bf6 33. Rc2 Rb1 34. Qa2 Rd1 35. Qc4 b5 36. axb5 axb5 37. Qe2 Qd5 38. b4 Qd3 39. Qxd3 Rxd3 40. Rc5 Be7 41. Rxb5 Rb3 42. Rb7 Kf8 43. b5 Bc5 44. Ne5 Bd4 45. Nc6 Bc5 46. Ne5 Bd4 47. Nxf7 Rb2 48. Kf3 Rxf2+ 49. Ke4 Bc5 50. Ng5 Rb2 51. Ne6+ 1-0

[Event "Cheliabinsk Lozovatsky Memorial-A"]
[Site "Cheliabinsk"]
[Date "2023.02.03"]
[Round "8"]
[White "Moskalenko, Alexander"]
[Black "Lisenkov, Svyatoslav"]
[Result "1/2-1/2"]
[WhiteElo "2482"]
[BlackElo "2199"]
[PlyCount "150"]
[EventDate "2023.01.27"]
[EventType "swiss"]
[EventRounds "10"]
[EventCountry "RUS"]
[SourceTitle "CBM 212 Extra"]
[Source "ChessBase"]
[SourceDate "2023.03.31"]
[SourceVersion "1"]
[SourceVersionDate "2023.03.31"]
[SourceQuality "1"]

1. c4 Nf6 2. d4 g6 3. g3 Bg7 4. Bg2 0-0 5. Nc3 d6 6. Nf3 Nc6 7. 0-0 e5 8. h3 exd4 9. Nxd4 Nxd4 10. Qxd4 Nd7 11. Qd2 a5 12. b3 a4 13. Rb1 axb3 14. axb3 Nc5 15. b4 Nd7 16. Nd5 Ne5 17. Qc2 Be6 18. Bb2 c6 19. Nf4 Qe7 20. Nxe6 Qxe6 21. Rfe1 h5 22. h4 Ra2 23. Qb3 Rfa8 24. Ra1 Rxa1 25. Bxa1 Qf5 26. Rf1 Qe6 27. Rc1 Qf5 28. Rf1 Qe6 29. Bxe5 Qxe5 30. Bf3 Qb2 31. Qxb2 Bxb2 32. b5 cxb5 33. cxb5 Ra5 34. Rd1 Be5 35. Rd5 Kf8 36. Be4 Ra4 37. Bf3 b6 38. Rd3 Bd4 39. Bd5 Bf6 40. e3 Bb2 41. Kg2 Ba3 42. Bb3 Ra5 43. Bc4 Bc5 44. Rd2 Ke7 45. Ra2 Rxa2 46. Bxa2 Bb4 47. Kf3 Be1 48. Bd5 Kf6 49. Ke2 Bb4 50. f3 Bc3 51. g4 Bb4 52. g5+ Kg7 53. f4 f5 54. e4 fxe4 55. Bxe4 Bc3 56. Bc6 Kf7 57. Bd5+ Kg7 58. Bf3 Bb4 59. f5 d5 60. fxg6 Kxg6 61. Bxd5 Bc3 62. Bc6 Kf7 63. Bd7 Bb4 64. Bf5 Bd6 65. Be4 Bb4 66. Kf2 Bc3 67. Bf3 Kg6 68. Bc6 Kf7 69. Kg3 Be1+ 70. Kh3 Bf2 71. Bf3 Kg6 72. Bd5 Be1 73. Be6 Bf2 74. Bd7 Kf7 75. Bc6 Be1 1/2-1/2

[Event "Cheliabinsk Lozovatsky Memorial-A"]
[Site "Cheliabinsk"]
[Date "2023.02.01"]
[Round "6"]
[White "Moskalenko, Alexander"]
[Black "Nurmanova, Alua"]
[Result "0-1"]
[WhiteElo "2482"]
[BlackElo "2231"]
[PlyCount "72"]
[EventDate "2023.01.27"]
[EventType "swiss"]
[EventRounds "10"]
[EventCountry "RUS"]
[SourceTitle "CBM 212 Extra"]
[Source "ChessBase"]
[SourceDate "2023.03.31"]
[SourceVersion "1"]
[SourceVersionDate "2023.03.31"]
[SourceQuality "1"]

1. d4 Nf6 2. Bf4 c5 3. e3 g6 4. Nf3 d6 5. Nc3 Qb6 6. a3 Bg7 7. Be2 0-0 8. Nd2 cxd4 9. Nc4 Qc6 10. exd4 Qxg2 11. Rf1 Nc6 12. d5 Nb8 13. Ne3 Qh3 14. Rg1 Na6 15. Bf3 Nc5 16. Qe2 b6 17. Rg3 Qd7 18. 0-0-0 a5 19. Ng4 Ba6 20. Qe3 Nxg4 21. Bxg4 f5 22. Bf3 b5 23. b4 axb4 24. axb4 Na4 25. Ne2 Nb2 26. Rd4 Nc4 27. Qd3 Bc8 28. Rxc4 bxc4 29. Qxc4 Qa4 30. Nc3 Qa1+ 31. Kd2 Ba6 32. Qb3 Rfc8 33. Be2 Bxc3+ 34. Rxc3 Rxc3 35. Qxc3 Qxc3+ 36. Kxc3 Bxe2 0-1

[Event "Orsha op-A 21st"]
[Site "Orsha"]
[Date "2023.01.20"]
[Round "3"]
[White "Shinkarev, Artem"]
[Black "Moskalenko, Alexander"]
[Result "1/2-1/2"]
[WhiteElo "1908"]
[BlackElo "2482"]
[PlyCount "59"]
[EventDate "2023.01.19"]
[EventType "swiss"]
[EventRounds "9"]
[EventCountry "BLR"]
[SourceTitle "CBM 212 Extra"]
[Source "ChessBase"]
[SourceDate "2023.03.31"]
[SourceVersion "1"]
[SourceVersionDate "2023.03.31"]
[SourceQuality "1"]

1. c4 g6 2. Nc3 Bg7 3. e4 c5 4. g3 Nc6 5. Bg2 e6 6. Nge2 d6 7. 0-0 Nge7 8. d3 Rb8 9. Be3 Nd4 10. Rb1 b6 11. Qd2 h5 12. b4 Nec6 13. a3 h4 14. f4 hxg3 15. hxg3 Nxe2+ 16. Nxe2 Nd4 17. Nxd4 cxd4 18. Qb2 e5 19. Bc1 Bd7 20. Qf2 Qf6 21. b5 Bh6 22. a4 0-0 23. Qa2 Qe7 24. Rb2 Kg7 25. Rbf2 Bg4 26. Bf3 Bh3 27. Bg2 Bg4 28. Bf3 Bh3 29. Bg2 Bg4 30. Bf3 1/2-1/2

[Event "Titled Tuesday intern op 13th Dec Early"]
[Site "Chess.com INT"]
[Date "2022.12.13"]
[Round "5"]
[White "Moskalenko, Alexander"]
[Black "Taboas Rodriguez, Daniel"]
[Result "1/2-1/2"]
[WhiteElo "2482"]
[BlackElo "2359"]
[PlyCount "217"]
[EventDate "2022.12.13"]
[EventType "swiss (blitz)"]
[EventRounds "11"]
[EventCountry "USA"]
[SourceTitle "EXT 2024"]
[Source "ChessBase"]
[SourceDate "2023.10.10"]
[SourceVersion "1"]
[SourceVersionDate "2023.10.10"]
[SourceQuality "1"]

1. d4 Nf6 2. Bf4 d5 3. e3 c6 4. c4 e6 5. Nc3 Nbd7 6. g4 dxc4 7. Bxc4 Nb6 8. Be2 Nfd5 9. Bg3 Bb4 10. Rc1 0-0 11. e4 Nf6 12. Qd3 c5 13. a3 cxd4 14. axb4 dxc3 15. bxc3 Qxd3 16. Bxd3 Nxg4 17. Ne2 Nd7 18. Bd6 Rd8 19. Bc7 Rf8 20. f4 b6 21. Rg1 Nxh2 22. Rg2 Nf3+ 23. Kf2 Nh4 24. Rh2 Ng6 25. f5 Nge5 26. Bb1 Ng4+ 27. Kg3 Nxh2 28. Kxh2 exf5 29. Rg1 Ba6 30. Nf4 Rac8 31. Nd5 Rfe8 32. exf5 Bb7 33. f6 Re2+ 34. Kh3 Bxd5 35. Rxg7+ Kf8 36. Bd6+ Ke8 37. Rg8+ Nf8 38. Rxf8+ Kd7 39. Rxc8 Kxc8 40. Bxh7 Kd7 41. Be7 Re3+ 42. Kh4 Rxc3 43. Kg5 Be6 44. Kf4 Rc4+ 45. Ke5 Rc1 46. Bd3 Rd1 47. Bb5+ Kc7 48. Ba6 Re1+ 49. Kd4 Rc1 50. Bb5 Kb7 51. Bd3 a5 52. Be4+ Kc7 53. bxa5 bxa5 54. Ba3 Ra1 55. Be7 a4 56. Kc5 a3 57. Bd6+ Kc8 58. Kb6 Rd1 59. Bxa3 Rd4 60. Bb7+ Kd7 61. Bc6+ Kc8 62. Be7 Rd1 63. Bb7+ Kd7 64. Bc6+ Kc8 65. Bb7+ Kb8 66. Bc6 Rb1+ 67. Kc5 Kc7 68. Bb5 Rc1+ 69. Kd4 Kb6 70. Be2 Re1 71. Bd3 Rd1 72. Ke3 Kc7 73. Be2 Rc1 74. Kd2 Rc5 75. Ke3 Re5+ 76. Kd2 Rd5+ 77. Kc3 Kd7 78. Bc4 Rd1 79. Bb5+ Kc7 80. Ba4 Rc1+ 81. Kd2 Ra1 82. Bb5 Kb6 83. Bd3 Kc6 84. Be4+ Kb5 85. Bh7 Kc4 86. Bd8 Kd5 87. Bd3 Ra3 88. Be7 Ra2+ 89. Kc3 Ke5 90. Bc2 Ra1 91. Kb2 Rh1 92. Kc3 Rh3+ 93. Kb4 Rh4+ 94. Kc3 Rh3+ 95. Kd2 Bf5 96. Ba4 Kf4 97. Be8 Bg6 98. Bd7 Rh2+ 99. Kc3 Ra2 100. Kb4 Ra7 101. Bc6 Kg5 102. Kc5 Rc7 103. Kd6 Rc8 104. Bd7 Rh8 105. Bc6 Rh2 106. Kd7 Rd2+ 107. Ke8 Rc2 108. Bd7 Re2 109. Kf8 1/2-1/2

[Event "Titled Tuesday intern op 17th May Late"]
[Site "Chess.com INT"]
[Date "2022.05.17"]
[Round "1"]
[White "Moskalenko, Alexander"]
[Black "Omariev, Maksim"]
[Result "1-0"]
[WhiteElo "2508"]
[BlackElo "2304"]
[PlyCount "45"]
[EventDate "2022.05.17"]
[EventType "swiss (blitz)"]
[EventRounds "11"]
[EventCountry "USA"]
[SourceTitle "CBM 208 Extra"]
[Source "ChessBase"]
[SourceDate "2022.07.31"]
[SourceVersion "1"]
[SourceVersionDate "2022.07.31"]
[SourceQuality "1"]

1. e4 h5 2. a4 h4 3. a5 c6 4. c4 d5 5. cxd5 cxd5 6. exd5 Qxd5 7. Nc3 Qh5 8. Be2 Qg6 9. Nf3 Qxg2 10. Rg1 Qh3 11. d4 Nf6 12. Qa4+ Bd7 13. Qb3 Bc6 14. d5 Nxd5 15. Nxd5 Bxd5 16. Qxd5 Nc6 17. Qxf7+ Kxf7 18. Ng5+ Kf6 19. Nxh3 e5 20. Bg5+ Kf5 21. Bg4+ Ke4 22. 0-0-0 Nxa5 23. Rge1# 1-0

[Event "Titled Tuesday intern op 17th May Late"]
[Site "Chess.com INT"]
[Date "2022.05.17"]
[Round "5"]
[White "Moskalenko, Alexander"]
[Black "Pichot, Alan"]
[Result "0-1"]
[WhiteElo "2508"]
[BlackElo "2652"]
[PlyCount "130"]
[EventDate "2022.05.17"]
[EventType "swiss (blitz)"]
[EventRounds "11"]
[EventCountry "USA"]
[SourceTitle "CBM 208 Extra"]
[Source "ChessBase"]
[SourceDate "2022.07.31"]
[SourceVersion "1"]
[SourceVersionDate "2022.07.31"]
[SourceQuality "1"]

1. Nf3 Nf6 2. c4 e6 3. Nc3 d5 4. d4 dxc4 5. e4 b5 6. e5 Nfd7 7. Nxb5 Nb6 8. Be2 Nc6 9. 0-0 Be7 10. Qd2 Bb7 11. Qf4 Qd7 12. Nc3 f5 13. exf6 gxf6 14. b3 0-0 15. bxc4 Rad8 16. Be3 Na5 17. Rab1 Ba6 18. c5 Bxe2 19. Nxe2 Nd5 20. Qh6 Nc4 21. Ng3 Kh8 22. Rfe1 Rg8 23. Bc1 Rg6 24. Qh3 Rdg8 25. Qxe6 Qxe6 26. Rxe6 f5 27. Rxg6 hxg6 28. Ne2 Bf6 29. Nf4 Nc3 30. Rb7 g5 31. Nh5 Bd8 32. Bb2 Nd5 33. Ne5 Re8 34. f4 Nxb2 35. Rxb2 gxf4 36. Kf2 Kh7 37. Kf3 Bg5 38. Rb7 Kh6 39. h4 Kxh5 40. hxg5 Kxg5 41. c6 Kf6 42. Rxa7 Rg8 43. Kf2 Rg3 44. Nf3 Ke6 45. a4 Kd6 46. Ra8 Ne3 47. Ne1 Ng4+ 48. Kf1 Ra3 49. Nf3 Ra1+ 50. Ke2 Ra2+ 51. Kd3 Rxg2 52. Ne5 Nxe5+ 53. dxe5+ Kxe5 54. Re8+ Kd5 55. Rf8 Rg3+ 56. Kc2 Ke4 57. Re8+ Kd4 58. Rd8+ Ke3 59. a5 f3 60. a6 f2 61. Rd3+ Kf4 62. Rxg3 f1Q 63. a7 Qf2+ 64. Kd1 Qxa7 65. Ra3 Qxa3 0-1

[Event "Titled Tuesday intern op 17th May Late"]
[Site "Chess.com INT"]
[Date "2022.05.17"]
[Round "3"]
[White "Moskalenko, Alexander"]
[Black "Solon, Nathan"]
[Result "1-0"]
[WhiteElo "2508"]
[BlackElo "2306"]
[PlyCount "55"]
[EventDate "2022.05.17"]
[EventType "swiss (blitz)"]
[EventRounds "11"]
[EventCountry "USA"]
[SourceTitle "CBM 208 Extra"]
[Source "ChessBase"]
[SourceDate "2022.07.31"]
[SourceVersion "1"]
[SourceVersionDate "2022.07.31"]
[SourceQuality "1"]

1. e4 e5 2. Nf3 Nf6 3. Nc3 Nc6 4. d4 exd4 5. Nxd4 Nxe4 6. Nxe4 Qe7 7. Nb5 Qxe4+ 8. Be2 Bb4+ 9. Bd2 0-0 10. 0-0 Bxd2 11. Qxd2 Qe5 12. Rfe1 Qxb2 13. Rab1 Qxa2 14. Nxc7 Rb8 15. Qd6 g6 16. Bd3 b5 17. Nd5 Bb7 18. Nf6+ Kg7 19. Nxd7 Rbd8 20. Qf6+ Kg8 21. Nxf8 Rxf8 22. Rxb5 Ba8 23. Ra1 Qe6 24. Qxe6 fxe6 25. Rc5 Nd4 26. Rxa7 Rb8 27. f4 Bd5 28. Kf2 1-0

[Event "Titled Tuesday intern op 17th May Early"]
[Site "Chess.com INT"]
[Date "2022.05.17"]
[Round "3"]
[White "Moskalenko, Alexander"]
[Black "Yang, Kaiqi"]
[Result "1-0"]
[WhiteElo "2508"]
[BlackElo "2481"]
[PlyCount "81"]
[EventDate "2022.05.17"]
[EventType "swiss (blitz)"]
[EventRounds "11"]
[EventCountry "USA"]
[SourceTitle "CBM 208 Extra"]
[Source "ChessBase"]
[SourceDate "2022.07.31"]
[SourceVersion "1"]
[SourceVersionDate "2022.07.31"]
[SourceQuality "1"]

1. Nf3 Nf6 2. c4 g6 3. g3 Bg7 4. Bg2 0-0 5. 0-0 d6 6. Nc3 c5 7. d4 Nc6 8. d5 Na5 9. Nd2 e6 10. dxe6 Bxe6 11. Qa4 Rb8 12. Rd1 a6 13. Nd5 b5 14. Qc2 Nxd5 15. cxd5 Bf5 16. e4 Bg4 17. Re1 c4 18. Rb1 Qd7 19. b4 cxb3 20. axb3 Rfc8 21. Qa2 Nb7 22. b4 a5 23. bxa5 Nc5 24. Ba3 Nd3 25. Re3 Ne5 26. Bb4 Bh6 27. Rc3 Be2 28. a6 Qa7 29. Rxc8+ Rxc8 30. Bxd6 Nd3 31. Rf1 Be3 32. Nf3 Bxf2+ 33. Kh1 Bxf1 34. Bxf1 Rc1 35. Qe2 Ne1 36. Nd2 b4 37. Bxb4 Nc2 38. Bd6 Ne3 39. Bf4 Nxf1 40. Nxf1 Bc5 41. Bxc1 1-0